| 000 | 01319cam a2200349 i 4500 | ||
|---|---|---|---|
| 999 |
_c200442667 _d60879 |
||
| 003 | TR-AnTOB | ||
| 005 | 20220314141056.0 | ||
| 007 | ta | ||
| 008 | 210806s1993 sz 100 0 eng d | ||
| 020 | _a9221089495 (1) | ||
| 020 | _a9221089509 (2A) | ||
| 020 | _a9220089513 (2B) | ||
| 022 | _200746681 | ||
| 040 |
_aTR-AnTOB _beng _erda _cTR-AnTOB _dTR-AnTOB |
||
| 041 | 0 |
_aeng _afre |
|
| 050 | 1 | 4 |
_bHD5110 _a.P37 1994 |
| 090 | _aTOBBK HD5110 .P37 1994 | ||
| 099 | _a331.259 INT 1993 | ||
| 245 | 0 | 0 |
_aPart time work : _breport IV, fourth item on the agenda / _cInternational Labour Office. |
| 264 | 1 |
_aGeneva: _bInternational Labour Office. _c1993. |
|
| 300 |
_avolumes : _c21 cm |
||
| 336 |
_atext _btxt _2rdacontent |
||
| 337 |
_aunmediated _bn _2rdamedia |
||
| 338 |
_avolume _bnc _2rdacarrier |
||
| 500 | _aReport (1) : fourth item on the agenda. Report (2A) : fourth item on the agenda. Report (2B) : Confrence internationale du travail 81e session ; 1994 Geneva rapport IV(2B): le travail a temps pertiel. | ||
| 650 | 0 |
_aPart-time employment _vCongresses _9135931 |
|
| 710 | 2 |
_aInternational Labour Office _927101 |
|
| 711 | 2 |
_aInternational Labour Conference _n(82nd : _d1995 : _cGeneva, Switzerland) _9136012 |
|
| 942 |
_2z _cBK |
||